Teoretické problémy světového historického procesu

Enregistré dans:
Détails bibliographiques
Format: Livre
Langue:tchèque
Publié: Praha Svoboda 1984
Tags: Ajouter un tag
Pas de tags, Soyez le premier à ajouter un tag!

MARC

LEADER 00000nam a2200000 4500
001 c111093
005 20250522123835.2
041 0 |a cze 
044 |a CZ 
245 1 0 |a Teoretické problémy světového historického procesu 
264 1 |a Praha  |b Svoboda  |c 1984 
300 |a 410 s.